[Event "19eme open de Louviers"]
[Site "?"]
[Date "2016.11.13"]
[Round "6"]
[White "Roussel, Maxime"]
[Black "Rascle, Adeline"]
[Result "1/2-1/2"]
[WhiteElo "1551"]
[BlackElo "1654"]
[PlyCount "69"]
[EventDate "2012.05.13"]
[SourceDate "2016.11.17"]

1. d4 d5 2. Nf3 Nf6 3. e3 c6 4. Bd3 Bg4 5. Nbd2 Nbd7 6. e4 dxe4 7. Nxe4 Nxe4 8.
Bxe4 Nf6 9. Qd3 e6 10. Bg5 h6 11. Bh4 Bd6 12. O-O Qe7 13. Ne5 g5 14. Bg3 Nxe4
15. Nxg4 Nxg3 16. hxg3 O-O-O 17. Rfe1 f5 18. Ne5 Bxe5 19. Rxe5 Qf6 20. Rae1
Rhe8 21. Qc4 Kb8 22. c3 Rd6 23. Ra5 Qd8 24. Qa4 Qb6 25. d5 a6 26. b3 Qd8 27. c4
exd5 28. Rxe8 Qxe8 29. Qb4 Kc7 30. cxd5 Rxd5 31. Rxd5 cxd5 32. Qa5+ Kd6 33.
Qb4+ Kc7 34. Qc3+ Kd6 35. Qb4+ 1/2-1/2

[Event "19eme open de Louviers"]
[Site "?"]
[Date "2016.11.13"]
[Round "6"]
[White "Maraine, Louis Ermiyas"]
[Black "Cassiau, Kevin"]
[Result "0-1"]
[WhiteElo "1179"]
[BlackElo "1543"]
[PlyCount "96"]
[EventDate "2012.05.13"]
[SourceDate "2016.11.17"]

1. e4 e5 2. Nf3 Nc6 3. Bc4 Bc5 4. c3 Nf6 5. d4 exd4 6. e5 d5 7. Bb5 Ne4 8. cxd4
Bb6 9. Nc3 Bg4 10. h3 Bh5 11. O-O O-O 12. Be3 f5 13. Bf4 Nxd4 14. Be2 Nxe2+ 15.
Qxe2 Nxc3 16. bxc3 Bxf3 17. Qxf3 c6 18. Rad1 Qe7 19. Qe2 Qe6 20. Rfe1 Rad8 21.
Qd3 h6 22. Be3 c5 23. Bf4 g5 24. Qg3 Kh7 25. Bc1 f4 26. Qf3 Kg6 27. Bb2 Rd7 28.
Qd3+ Qf5 29. Qxf5+ Kxf5 30. e6 Rd6 31. e7 Re8 32. c4 d4 33. Rd2 Re6 34. Rxe6
Kxe6 35. g3 Rxe7 36. g4 Kd6 37. Kg2 Ba5 38. Rd3 Re1 39. Rb3 b6 40. f3 Re3 41.
Rxe3 fxe3 42. Kf1 Ke5 43. Ke2 Kf4 44. a4 Bc3 45. Bc1 Bd2 46. Bb2 Kg3 47. Kf1
Kxf3 48. a5 e2+ 0-1

[Event "19eme open de Louviers"]
[Site "?"]
[Date "2016.11.13"]
[Round "6"]
[White "Dunand, Damien"]
[Black "Bat, Anu"]
[Result "1-0"]
[WhiteElo "1684"]
[BlackElo "1062"]
[PlyCount "53"]
[EventDate "2012.05.13"]
[SourceDate "2016.11.17"]

1. c4 e5 2. g3 Nc6 3. Bg2 Bc5 4. e3 Nf6 5. Ne2 O-O 6. Nbc3 Nb4 7. d4 exd4 8.
exd4 Be7 9. O-O d5 10. a3 Nc6 11. Nxd5 Be6 12. Nxf6+ Bxf6 13. d5 Bg4 14. f3 Bd7
15. dxc6 Bxc6 16. Rb1 b5 17. c5 a5 18. b4 a4 19. Bb2 Bxb2 20. Rxb2 Qf6 21. Rd2
Rfe8 22. Nd4 Bb7 23. Nxb5 Rad8 24. Nxc7 Rf8 25. Rd6 Qc3 26. Rxd8 Rxd8 27. Qxd8#
1-0

[Event "19eme open de Louviers"]
[Site "?"]
[Date "2016.11.13"]
[Round "6"]
[White "Grenet, Dominique"]
[Black "Troppee, Kevin"]
[Result "0-1"]
[WhiteElo "1403"]
[BlackElo "1379"]
[PlyCount "46"]
[EventDate "2012.05.13"]
[SourceDate "2016.11.17"]

1. e4 e5 2. Nf3 Nc6 3. d4 f5 4. exf5 exd4 5. Nxd4 Nxd4 6. Qxd4 Qf6 7. Qe4+ Qe7
8. Qxe7+ Bxe7 9. Bd3 Nf6 10. Bf4 c6 11. O-O O-O 12. Nd2 d5 13. Nf3 Nh5 14. Be5
Bxf5 15. Bxf5 Rxf5 16. Rae1 Bf6 17. c3 Re8 18. g4 Rxf3 19. gxh5 Rxe5 20. Kg2
Rff5 21. f4 Re4 22. Kg3 Rexf4 23. h6 Bh4+ 0-1

[Event "19eme open de Louviers"]
[Site "?"]
[Date "2016.11.13"]
[Round "6"]
[White "Marliere-Lepretre, Corentin"]
[Black "Quevauvilliers, Philippe"]
[Result "1-0"]
[WhiteElo "1095"]
[BlackElo "1401"]
[PlyCount "43"]
[EventDate "2012.05.13"]
[SourceDate "2016.11.17"]

1. d4 d5 2. c4 b6 3. Nc3 dxc4 4. e3 Bb7 5. Nf3 e6 6. Bxc4 Bb4 7. O-O Nf6 8. a3
Bd6 9. Re1 O-O 10. e4 Nfd7 11. e5 Bxf3 12. Qxf3 Be7 13. Qxa8 c5 14. Qe4 Kh8 15.
Bd3 f5 16. exf6 Nxf6 17. Qxe6 Bd6 18. Nb5 Re8 19. Nxd6 Qxd6 20. Qxe8+ Ng8 21.
Bc4 Qxh2+ 22. Kxh2 1-0

[Event "19eme open de Louviers"]
[Site "?"]
[Date "2016.11.13"]
[Round "6"]
[White "Lehericey, Romain"]
[Black "Coquelin, Jonathan"]
[Result "0-1"]
[WhiteElo "1112"]
[BlackElo "139"]
[PlyCount "32"]
[EventDate "2012.05.13"]
[SourceDate "2016.11.17"]

1. e4 c5 2. Nf3 Nc6 3. Nc3 d6 4. Bc4 Nf6 5. d4 cxd4 6. Nxd4 e6 7. Bb5 Bd7 8.
Bg5 a6 9. Be2 Qb6 10. Nxc6 Bxc6 11. Bxf6 gxf6 12. Bg4 Qxb2 13. Kd2 Bh6+ 14. Kd3
Rc8 15. Re1 Bb5+ 16. Nxb5 Qxb5+ 0-1

[Event "19eme open de Louviers"]
[Site "?"]
[Date "2016.11.13"]
[Round "6"]
[White "Lazes, Herve"]
[Black "Ponty, Matteo"]
[Result "1-0"]
[WhiteElo "1247"]
[BlackElo "1065"]
[PlyCount "99"]
[EventDate "2012.05.13"]
[SourceDate "2016.11.17"]

1. d4 d5 2. Nf3 Nc6 3. Bf4 Bf5 4. c3 Nf6 5. Nh4 Bxb1 6. Qxb1 e6 7. Nf3 Bd6 8.
Bxd6 Qxd6 9. e3 e5 10. dxe5 Nxe5 11. Nxe5 Qxe5 12. Be2 Ne4 13. Qd3 c6 14. Bf3
Nc5 15. Qd4 Qxd4 16. cxd4 Nd3+ 17. Ke2 Nxb2 18. Rab1 Nc4 19. Rxb7 Nd6 20. Rb3
Ne4 21. Rhb1 Ke7 22. Rb7+ Kf6 23. Bxe4 dxe4 24. a3 Ke6 25. f3 Kd5 26. fxe4+
Kxe4 27. Rxf7 Rab8 28. Re7+ Kd5 29. Reb7 Ra8 30. Rxg7 Ke4 31. Rbb7 Rab8 32.
Rge7+ Kd5 33. Rg7 Ke4 34. Rxh7 Rxb7 35. Rxb7 Rxh2 36. Re7+ Kd5 37. Rd7+ Ke4 38.
Re7+ Kd5 39. Rg7 Ke4 40. Re7+ Kd5 41. Re5+ Kd6 42. Rg5 Rh1 43. Ra5 Rb1 44. Rxa7
Rb2+ 45. Kf3 Rb5 46. a4 Rf5+ 47. Ke4 Rg5 48. Kf3 Kd5 49. Ra5+ c5 50. Rxc5+ 1-0

[Event "19eme open de Louviers"]
[Site "?"]
[Date "2016.11.13"]
[Round "6"]
[White "Soenen, Baptiste"]
[Black "Roche, Jan-Francois"]
[Result "0-1"]
[WhiteElo "1399"]
[BlackElo "1513"]
[PlyCount "30"]
[EventDate "2012.05.13"]
[SourceDate "2016.11.17"]

1. e4 Nf6 2. Nf3 Nxe4 3. Bc4 d5 4. Bd3 Bf5 5. Nc3 e6 6. Bb5+ c6 7. Ba4 Qb6 8.
d4 Bb4 9. Bd2 Bg4 10. h3 Bh5 11. Bb3 Nd7 12. Na4 Bxd2+ 13. Nxd2 Qxd4 14. Qxh5
Qxf2+ 15. Kd1 Qxd2# 0-1

[Event "19eme open de Louviers"]
[Site "?"]
[Date "2016.11.13"]
[Round "6"]
[White "Marie, Isabelle"]
[Black "Bailly, Yannick"]
[Result "0-1"]
[WhiteElo "1047"]
[BlackElo "1418"]
[PlyCount "96"]
[EventDate "2012.05.13"]
[SourceDate "2016.11.17"]

1. e4 c5 2. Nf3 Nc6 3. d4 cxd4 4. Nxd4 d6 5. Nc3 a6 6. Be2 Nf6 7. O-O g6 8. h3
Bg7 9. Be3 O-O 10. Bg4 Bxg4 11. hxg4 Qd7 12. f3 Rac8 13. Nd5 Nxd5 14. exd5 Nxd4
15. Bxd4 Bxd4+ 16. Qxd4 Rxc2 17. b3 Qc7 18. Rf2 Rxf2 19. Kxf2 Qc5 20. Ke3 Rc8
21. Qxc5 Rxc5 22. Kd4 Kf8 23. a3 Rc2 24. Kd3 Rc5 25. Kd4 f6 26. b4 Rc7 27. Rb1
b5 28. Kd3 Kf7 29. f4 e6 30. dxe6+ Kxe6 31. Re1+ Kd7 32. g5 f5 33. g3 d5 34.
Rg1 Kd6 35. g4 fxg4 36. Rxg4 Ke6 37. Rg3 Rc4 38. Rh3 Rxf4 39. Rxh7 Rf7 40. Rh8
Rf3+ 41. Kd4 Rxa3 42. Rh6 Kf5 43. Kxd5 Rg3 44. Kc6 Kxg5 45. Rh1 Ra3 46. Rh8 Kf4
47. Kb6 g5 48. Ra8 g4 0-1

[Event "19eme open de Louviers"]
[Site "?"]
[Date "2016.11.13"]
[Round "6"]
[White "Mignot, Philippe"]
[Black "Gitton, Maxence"]
[Result "1-0"]
[WhiteElo "1340"]
[BlackElo "1009"]
[PlyCount "39"]
[EventDate "2012.05.13"]
[SourceDate "2016.11.17"]

1. e4 e5 2. Nf3 d6 3. Bc4 Nf6 4. d3 g6 5. Nc3 Bg7 6. Bg5 O-O 7. Nd5 Bg4 8. h3
Bxf3 9. Qxf3 Qe8 10. Bxf6 Bh6 11. g4 Nd7 12. h4 c6 13. Nc7 Qc8 14. Nxa8 Bg7 15.
Bxg7 Kxg7 16. g5 Qxa8 17. h5 Nc5 18. h6+ Kh8 19. Qf6+ Kg8 20. Qg7# 1-0

[Event "19eme open de Louviers"]
[Site "?"]
[Date "2016.11.13"]
[Round "7"]
[White "Joslin, Jerome"]
[Black "Steffenello, Leonard"]
[Result "1-0"]
[WhiteElo "2100"]
[BlackElo "2152"]
[PlyCount "125"]
[EventDate "2012.05.13"]
[SourceDate "2016.11.17"]

1. d4 Nf6 2. c4 e6 3. Nf3 Bb4+ 4. Bd2 Qe7 5. c5 Bxd2+ 6. Nbxd2 Nc6 7. e3 O-O 8.
Bb5 d6 9. Nb3 e5 10. O-O Bg4 11. h3 Bh5 12. Be2 e4 13. Ne1 Bxe2 14. Qxe2 a5 15.
Rc1 Qe6 16. Qc4 d5 17. Qb5 Rfb8 18. a3 Nh5 19. Qe2 Qg6 20. Qg4 f5 21. Qxg6 hxg6
22. g3 g5 23. Ng2 Ne7 24. Kh2 Ng6 25. f3 Rf8 26. fxe4 dxe4 27. Nd2 Rae8 28. Nc4
a4 29. Rc2 f4 30. g4 Ng3 31. Rff2 Nh4 32. Nxh4 gxh4 33. Rxf4 Rxf4 34. exf4 e3
35. Ne5 e2 36. Rc1 Rd8 37. Nf3 Re8 38. Re1 Re4 39. Nxh4 Nf1+ 40. Kg2 Ne3+ 41.
Kf3 Nc2 42. Rxe2 Rxe2 43. Kxe2 Nxd4+ 44. Ke3 Ne6 45. c6 bxc6 46. Nf5 c5 47.
Ne7+ Kf7 48. Nd5 Ke8 49. Nc3 g5 50. fxg5 Nxg5 51. h4 Ne6 52. Nxa4 Ke7 53. Nc3
Kf6 54. Ke4 c6 55. Kd3 Ke5 56. Kc4 Kf4 57. Na4 Kxg4 58. Nxc5 Nd8 59. Nd3 Nb7
60. Ne5+ Kxh4 61. Nxc6 Kg3 62. a4 Kf4 63. Kd5 1-0

[Event "19eme open de Louviers"]
[Site "?"]
[Date "2016.11.13"]
[Round "7"]
[White "Abdat, Rachid"]
[Black "Andrieu, Philippe"]
[Result "1-0"]
[WhiteElo "1882"]
[BlackElo "1859"]
[PlyCount "81"]
[EventDate "2012.05.13"]
[SourceDate "2016.11.17"]

1. e4 c5 2. Nf3 a6 3. c3 Nf6 4. e5 Nd5 5. d4 cxd4 6. cxd4 e6 7. a3 Be7 8. Bd3
Nc6 9. Be4 Nb6 10. O-O d5 11. Bd3 Nd7 12. b4 b5 13. Bb2 Bb7 14. Nbd2 O-O 15.
Nb3 f6 16. exf6 Bxf6 17. Re1 Qe7 18. Qe2 Rae8 19. Qc2 g6 20. Re2 Qg7 21. Rae1
e5 22. dxe5 Ndxe5 23. Nxe5 Bxe5 24. Bxe5 Rxe5 25. Qc5 Kh8 26. Rxe5 Nxe5 27.
Rxe5 Rc8 28. Qxc8+ Bxc8 29. Re8+ Qg8 30. Rxg8+ Kxg8 31. f4 Kf7 32. Kf2 Ke7 33.
Ke3 Kd6 34. Kd4 Ke6 35. Nc5+ Kd6 36. h3 Kc6 37. g4 h5 38. gxh5 gxh5 39. h4 Kd6
40. Bg6 Bg4 41. Nxa6 1-0

[Event "19eme open de Louviers"]
[Site "?"]
[Date "2016.11.13"]
[Round "7"]
[White "Aupoix, Thibaud"]
[Black "Garcia, Adrien"]
[Result "0-1"]
[WhiteElo "1567"]
[BlackElo "1976"]
[PlyCount "58"]
[EventDate "2012.05.13"]
[SourceDate "2016.11.17"]

1. e4 c5 2. Nf3 Nc6 3. d4 cxd4 4. Nxd4 g6 5. c4 Bg7 6. Be3 Nf6 7. Nc3 Ng4 8.
Nxc6 Nxe3 9. Nxd8 Nxd1 10. Rxd1 Kxd8 11. Rd3 e6 12. Be2 Ke7 13. f4 a6 14. g4 b5
15. c5 Bb7 16. Bf3 Rhc8 17. b4 Bc6 18. e5 g5 19. Bxc6 Rxc6 20. fxg5 Bxe5 21.
Ne4 a5 22. Rf1 axb4 23. Rxd7+ Kxd7 24. Rxf7+ Ke8 25. Rxh7 Rxa2 26. g6 b3 27. g7
Kf7 28. g5 Bxg7 29. Nc3 Rxc5 0-1

[Event "19eme open de Louviers"]
[Site "?"]
[Date "2016.11.13"]
[Round "7"]
[White "Boursier, Xavier"]
[Black "Bailly, Thierry"]
[Result "1-0"]
[WhiteElo "1941"]
[BlackElo "1658"]
[PlyCount "77"]
[EventDate "2012.05.13"]
[SourceDate "2016.11.17"]

1. Nf3 Nf6 2. g3 g6 3. Bg2 Bg7 4. O-O O-O 5. d3 d5 6. Nbd2 c6 7. c3 Re8 8. e4
Nbd7 9. e5 Ng4 10. d4 Nh6 11. Re1 Nf8 12. h3 Ne6 13. Nf1 b6 14. Bd2 Kh8 15. Qc1
Ng8 16. Ne3 Bb7 17. h4 c5 18. Bh3 cxd4 19. cxd4 Rc8 20. Qd1 h6 21. Ng2 Rc6 22.
Bxe6 Rxe6 23. Nf4 Rc6 24. e6 Rf8 {(=)} 25. Qb1 Kh7 26. h5 f5 27. Nxg6 Rf6 28.
Nf4 Bc8 29. g4 Qc7 30. Nxd5 Qb7 31. Nxf6+ Nxf6 32. Qxf5+ Kh8 33. Ne5 Rc7 34.
Nf7+ Kg8 35. Qg6 Qf3 36. Nxh6+ Kh8 37. Nf7+ Kg8 38. Ne5 Qd5 39. h6 1-0

[Event "19eme open de Louviers"]
[Site "?"]
[Date "2016.11.13"]
[Round "7"]
[White "Lehericey, Fabrice"]
[Black "Guillaumat, Jean-Pierre"]
[Result "1-0"]
[WhiteElo "1898"]
[BlackElo "1754"]
[PlyCount "87"]
[EventDate "2012.05.13"]
[SourceDate "2016.11.17"]

1. e4 c5 2. Nf3 e6 3. Nc3 a6 4. d3 d6 5. g3 Nc6 6. Bg2 Nf6 7. Bg5 Be7 8. Qd2 h6
9. Bxf6 Bxf6 10. Nd1 Bd7 11. c3 b5 12. O-O O-O 13. Ne1 Rc8 14. f4 Qc7 15. Ne3
Be7 16. g4 f5 17. gxf5 exf5 18. Bh3 fxe4 19. Nd5 Qd8 20. Bxd7 Qxd7 21. dxe4
Rce8 22. Ng2 Bd8 23. Rae1 Ne7 24. Nge3 Nxd5 25. Nxd5 Qg4+ 26. Kh1 Kh8 27. Qd3
Qh5 28. Qd2 Bf6 29. Qc2 Rf7 30. Ne3 Bd8 31. Rg1 Re6 32. Nd5 Rg6 33. Rxg6 Qxg6
34. Rg1 Qh5 35. Qg2 g5 36. e5 dxe5 37. fxe5 Qf3 38. Qxf3 Rxf3 39. e6 Rf2 40.
Re1 Rxb2 41. e7 Bxe7 42. Rxe7 Rxa2 43. Nf6 Ra1+ 44. Kg2 1-0

[Event "19eme open de Louviers"]
[Site "?"]
[Date "2016.11.13"]
[Round "7"]
[White "Serano, Vincent"]
[Black "Bat, Bilguun"]
[Result "0-1"]
[WhiteElo "1708"]
[BlackElo "1516"]
[PlyCount "74"]
[EventDate "2012.05.13"]
[SourceDate "2016.11.17"]

1. d4 Nf6 2. c4 c5 3. Nf3 cxd4 4. Nxd4 e6 5. Nc3 a6 6. e3 Nc6 7. Be2 Be7 8. O-O
O-O 9. a3 d6 10. b4 Bd7 11. Bb2 Qc7 12. f4 e5 13. fxe5 Nxe5 14. Nd5 Nxd5 15.
cxd5 Bg5 16. Qb3 Bg4 17. Kh1 Bxe2 18. Nxe2 b5 19. Rf5 Qe7 20. Ng3 g6 21. Raf1
gxf5 22. Nxf5 Qc7 23. Qd1 f6 24. Bd4 Rad8 25. h4 Bxh4 26. Nxh4 Qf7 27. Nf5 Kh8
28. e4 Qg6 29. Rf4 Qg5 30. Rh4 Rg8 31. g3 Nd7 32. Be3 Qg6 33. Qf1 Ne5 34. Qh3
Rd7 35. Bd4 Rc8 36. Be3 Rc2 37. Rh6 Qg4 0-1

[Event "19eme open de Louviers"]
[Site "?"]
[Date "2016.11.13"]
[Round "7"]
[White "Cassiau, Kevin"]
[Black "Delaruelle, Christian"]
[Result "0-1"]
[WhiteElo "1543"]
[BlackElo "1816"]
[PlyCount "34"]
[EventDate "2012.05.13"]
[SourceDate "2016.11.17"]

1. e4 e5 2. Nf3 Nc6 3. Bc4 Nf6 4. d4 exd4 5. e5 d5 6. Bb5 Ne4 7. O-O Bc5 8.
Bxc6+ bxc6 9. Nxd4 O-O 10. Be3 Ba6 11. Re1 Bxd4 12. Bxd4 c5 13. f3 cxd4 14.
fxe4 dxe4 15. Rxe4 c5 16. b4 Qd5 17. Nc3 Qc6 0-1

[Event "19eme open de Louviers"]
[Site "?"]
[Date "2016.11.13"]
[Round "7"]
[White "Yuan, Beline"]
[Black "Mergen, Bat"]
[Result "1/2-1/2"]
[WhiteElo "1795"]
[BlackElo "1785"]
[PlyCount "85"]
[EventDate "2012.05.13"]
[SourceDate "2016.11.17"]

1. d4 d5 2. c4 c6 3. cxd5 cxd5 4. Nc3 Nc6 5. Bf4 a6 6. Nf3 e6 7. e3 Nge7 8. Bd3
Ng6 9. Bg3 Bd6 10. a3 O-O 11. b4 Re8 12. O-O Bxg3 13. hxg3 b5 14. Rc1 Bb7 15.
Nd2 e5 16. dxe5 Ngxe5 17. Nb3 Nxd3 18. Qxd3 Ne5 19. Qd4 Nc4 20. Nc5 Bc6 21. a4
bxa4 22. N5xa4 Bxa4 23. Nxa4 Re4 24. Qc3 Nd6 25. Rfd1 Nb5 26. Qb3 Re5 27. Rc5
Rc8 28. Rcxd5 Rxd5 29. Qxd5 Qxd5 30. Rxd5 Rc1+ 31. Kh2 g6 32. Nc5 Nc3 33. Rd8+
Kg7 34. Nxa6 Rb1 35. Rc8 Ne4 36. f3 Nf2 37. g4 Nd1 38. e4 Rb2 39. Kh3 Ne3 40.
g5 Nxg2 41. Kg3 Ne1 42. Rc3 Nc2 43. Rc5 1/2-1/2

[Event "19eme open de Louviers"]
[Site "?"]
[Date "2016.11.13"]
[Round "7"]
[White "Josse, Sebastien"]
[Black "Vigneron, Frederic"]
[Result "1-0"]
[WhiteElo "1824"]
[BlackElo "1811"]
[PlyCount "69"]
[EventDate "2012.05.13"]
[SourceDate "2016.11.17"]

1. e4 c5 2. Nf3 Nc6 3. d4 cxd4 4. Nxd4 Nf6 5. Nc3 e5 6. Nb3 Bb4 7. Bd3 Bxc3+ 8.
bxc3 d5 9. Bg5 dxe4 10. Bb5 Qxd1+ 11. Rxd1 Bg4 12. Rd2 O-O 13. h3 Bf5 14. g4 e3
15. Bxe3 Be4 16. Rg1 Bf3 17. Rg3 e4 18. Nd4 Nxd4 19. cxd4 a6 20. Be2 Bxe2 21.
Kxe2 Rac8 22. Bg5 Nd5 23. Rb3 b5 24. a3 Rc6 25. Kd1 f5 26. f3 Nc3+ 27. Kc1 fxg4
28. Rxc3 Rxc3 29. fxe4 g3 30. Kb2 Rff3 31. d5 h6 32. d6 hxg5 33. d7 Rf8 34.
d8=Q g2 35. Qd5+ 1-0

[Event "19eme open de Louviers"]
[Site "?"]
[Date "2016.11.13"]
[Round "7"]
[White "Rascle, Adeline"]
[Black "Dunand, Damien"]
[Result "1-0"]
[WhiteElo "1564"]
[BlackElo "1684"]
[PlyCount "121"]
[EventDate "2012.05.13"]
[SourceDate "2016.11.17"]

1. d4 Nf6 2. Nf3 g6 3. c4 Bg7 4. Nc3 O-O 5. Bg5 h6 6. Bh4 d6 7. e3 Bf5 8. Bd3
Qd7 9. Rc1 Nc6 10. Bxf5 Qxf5 11. Qc2 Qxc2 12. Rxc2 e5 13. dxe5 Nxe5 14. Bxf6
Nxf3+ 15. gxf3 Bxf6 16. Nd5 Bd8 17. Rg1 c6 18. Nf4 Kg7 19. Nh5+ Kh7 20. Ng3 Be7
21. f4 Rac8 22. f3 d5 23. Nf1 dxc4 24. Rxc4 Rcd8 25. Rg2 Rd7 26. a3 Bf6 27.
Rcc2 Rfd8 28. Nd2 Rd3 29. Ke2 b5 30. Ne4 Bg7 31. Rg1 f5 32. Nc5 R3d5 33. Ne6
R8d7 34. Nxg7 Kxg7 35. Rgc1 a5 36. h4 a4 37. Rg1 c5 38. h5 R7d6 39. Rxg6+ Rxg6
40. hxg6 Kxg6 41. e4 fxe4 42. fxe4 Rd4 43. Ke3 Rc4 44. Rg2+ Kf6 45. Rh2 Ke7 46.
f5 h5 47. Kf4 Kf6 48. Rg2 h4 49. Rg6+ Kf7 50. Rg2 h3 51. Rh2 Kf6 52. Rxh3 Rc2
53. e5+ Kf7 54. Rh7+ Kg8 55. Rc7 c4 56. e6 Rxb2 57. f6 Rf2+ 58. Ke5 Kh8 59. e7
Re2+ 60. Kd6 Kg8 61. e8=Q+ 1-0

[Event "19eme open de Louviers"]
[Site "?"]
[Date "2016.11.13"]
[Round "7"]
[White "Coquelin, Jonathan"]
[Black "Arinal, Serge"]
[Result "1/2-1/2"]
[WhiteElo "1399"]
[BlackElo "1604"]
[PlyCount "78"]
[EventDate "2012.05.13"]
[SourceDate "2016.11.17"]

1. d4 Nf6 2. c4 e6 3. Nc3 Bb4 4. Qc2 c5 5. Nf3 cxd4 6. Nxd4 Qc7 7. e3 Nc6 8.
Bd2 Qe5 9. Nf3 Qb8 10. a3 Be7 11. Bd3 Ne5 12. Nxe5 Qxe5 13. Ne2 Qc7 14. Bc3 g6
15. b4 b6 16. Qb2 Qd8 17. Be4 Rb8 18. Be5 d6 19. Rd1 O-O 20. Ng3 Bb7 21. Bxb7
Rxb7 22. h4 Rd7 23. Bc3 e5 24. h5 Qc7 25. hxg6 fxg6 26. Qb3 Kg7 27. e4 Ng4 28.
Rd2 Bg5 29. Re2 Rdf7 30. f3 Ne3 31. Bd2 Bf4 32. Bxe3 Bxg3+ 33. Kd1 Bf4 34. Bxf4
Rxf4 35. Rd2 R4f6 36. Qe3 Rh8 37. Qh6+ Kg8 38. Qg5 Kg7 39. Rc2 Qf7 1/2-1/2

[Event "19eme open de Louviers"]
[Site "?"]
[Date "2016.11.13"]
[Round "7"]
[White "Kurjakovic, Omer"]
[Black "Marliere-Lepretre, Corentin"]
[Result "1/2-1/2"]
[WhiteElo "1573"]
[BlackElo "1095"]
[PlyCount "114"]
[EventDate "2012.05.13"]
[SourceDate "2016.11.17"]

1. Nf3 Nf6 2. c4 g6 3. d4 Bg7 4. Nc3 d6 5. Bf4 O-O 6. Qd2 Bf5 7. Nh4 Ne4 8.
Nxe4 Bxe4 9. Bh6 e6 10. Nf3 e5 11. Bxg7 Kxg7 12. d5 Nd7 13. Ng5 Nf6 14. Nxe4
Nxe4 15. Qc2 Nc5 16. g3 c6 17. e4 Qa5+ 18. Kd1 f5 19. exf5 gxf5 20. f3 Qa4 21.
b3 Qb4 22. Bg2 f4 23. Rc1 cxd5 24. cxd5 Qd4+ 25. Qd2 Nd3 26. Rc2 Nf2+ 27. Ke2
Qxd2+ 28. Kxd2 Nxh1 29. Bxh1 Rac8 30. Rc4 Rxc4 31. bxc4 Rc8 32. Kd3 a6 33. gxf4
exf4 34. a4 Rc5 35. Bg2 b5 36. cxb5 axb5 37. axb5 Rxb5 38. Ke4 Rb2 39. Bh3 Rxh2
40. Bf5 h5 41. Kxf4 h4 42. Kg4 Kf6 43. Be6 Rh1 44. f4 h3 45. Kg3 Rf1 46. Bxh3
Rg1+ 47. Kf2 Rd1 48. Be6 Rd2+ 49. Ke3 Rd1 50. Ke2 Rd4 51. Ke3 Ra4 52. Kf3 Ra3+
53. Kg4 Ra1 54. f5 Rg1+ 55. Kf4 Rf1+ 56. Ke4 Re1+ 57. Kd4 Rd1+ 1/2-1/2

[Event "19eme open de Louviers"]
[Site "?"]
[Date "2016.11.13"]
[Round "7"]
[White "Troppee, Kevin"]
[Black "Roussel, Maxime"]
[Result "0-1"]
[WhiteElo "1379"]
[BlackElo "1551"]
[PlyCount "57"]
[EventDate "2012.05.13"]
[SourceDate "2016.11.17"]

1. e4 c5 2. Nf3 e6 3. d4 cxd4 4. Nxd4 Nf6 5. e5 Qa5+ 6. Nc3 Qxe5+ 7. Be3 Nc6 8.
Nf3 Qc7 9. a3 a6 10. Be2 Be7 11. O-O O-O 12. Nd4 Nxd4 13. Qxd4 d5 14. Bf4 Bd6
15. Bxd6 Qxd6 16. f4 b5 17. b4 Bb7 18. h3 Rac8 19. Rf3 Rfe8 20. Re3 Nd7 21. Ne4
Qxf4 22. Rf1 e5 23. Rxf4 exd4 24. Nd6 Rxe3 25. Nxc8 Bxc8 26. Bg4 Re4 27. Rxe4
dxe4 28. Bxd7 Bxd7 29. Kf2 0-1

[Event "19eme open de Louviers"]
[Site "?"]
[Date "2016.11.13"]
[Round "7"]
[White "Roche, Jan-Francois"]
[Black "Blondel, Jean-Michel"]
[Result "1-0"]
[WhiteElo "1513"]
[BlackElo "1306"]
[PlyCount "73"]
[EventDate "2012.05.13"]
[SourceDate "2016.11.17"]

1. Nf3 d6 2. b3 e5 3. Bb2 Nf6 4. e3 Nc6 5. Be2 Be7 6. O-O O-O 7. c4 Bf5 8. Nc3
Re8 9. a3 Bf8 10. d4 exd4 11. Nxd4 Nxd4 12. Qxd4 c5 13. Qd2 a6 14. Nd5 Ne4 15.
Qe1 Rc8 16. f3 Ng5 17. Qg3 Bg6 18. Rad1 Be7 19. Bd3 Bxd3 20. Rxd3 Rc6 21. f4
Ne6 22. f5 Bh4 23. Qg4 h5 24. Qf3 Nc7 25. g3 Bg5 26. f6 g6 27. Ne7+ Rxe7 28.
fxe7 Qxe7 29. h4 Bh6 30. e4 Ne6 31. e5 dxe5 32. Bxe5 Nd8 33. Rxd8+ Bf8 34. Rd5
Re6 35. Bf6 Qe8 36. Rd8 Qc6 37. Qxc6 1-0

[Event "19eme open de Louviers"]
[Site "?"]
[Date "2016.11.13"]
[Round "7"]
[White "Lazes, Herve"]
[Black "Maraine, Louis Ermiyas"]
[Result "0-1"]
[WhiteElo "1247"]
[BlackElo "1179"]
[PlyCount "100"]
[EventDate "2012.05.13"]
[SourceDate "2016.11.17"]

1. d4 d5 2. Nf3 Nc6 3. Bf4 Bg4 4. e3 e6 5. h3 Bxf3 6. Qxf3 Nf6 7. c3 h6 8. Bd3
Bd6 9. Bxd6 Qxd6 10. Bc2 O-O-O 11. Nd2 Kb8 12. O-O-O Rhe8 13. e4 e5 14. exd5
Qxd5 15. Qxd5 Nxd5 16. dxe5 Nxe5 17. Rhe1 Nf4 18. Nf3 Nxf3 19. Rxe8 Rxe8 20.
gxf3 Nxh3 21. Bf5 Nf4 22. Rd7 Rf8 23. Kc2 c6 24. Kb3 Nd5 25. Kc2 g6 26. Bh3 h5
27. b3 h4 28. c4 Nf4 29. Bg4 h3 30. Rd1 f5 31. Bxh3 Nxh3 32. Rd2 Kc7 33. Re2 g5
34. Re7+ Kb6 35. Rg7 g4 36. fxg4 fxg4 37. Rxg4 Nxf2 38. Rg2 Ka6 39. Kd2 Ka5 40.
Ke3 Nd1+ 41. Kd3 Rd8+ 42. Ke2 Kb4 43. Rg3 Nc3+ 44. Kf3 Rd3+ 45. Kf4 Rxg3 46.
Kxg3 Nxa2 47. Kf3 Kxb3 48. Ke3 Kxc4 49. Kd2 Kb3 50. Kd3 a5 0-1

[Event "19eme open de Louviers"]
[Site "?"]
[Date "2016.11.13"]
[Round "7"]
[White "Mignot, Philippe"]
[Black "Bailly, Yannick"]
[Result "0-1"]
[WhiteElo "1340"]
[BlackElo "1418"]
[PlyCount "134"]
[EventDate "2012.05.13"]
[SourceDate "2016.11.17"]

1. d4 d5 2. c4 c6 3. Nc3 e6 4. Nf3 Nf6 5. Bg5 Nbd7 6. e3 Be7 7. Bd3 h6 8. Bh4
O-O 9. Qc2 a6 10. a3 b6 11. b4 Bb7 12. c5 bxc5 13. bxc5 a5 14. Rb1 Qc8 15. O-O
Ba6 16. Ne5 Bxd3 17. Nxd3 Bd8 18. Bg3 Bc7 19. Bh4 Re8 20. Ne1 e5 21. Na4 Rb8
22. Bxf6 Nxf6 23. Nb6 Qd8 24. Na4 Rxb1 25. Qxb1 exd4 26. exd4 Qb8 27. Nb6 Bxh2+
28. Kh1 Bc7 29. Nf3 Ne4 30. Kg1 Qd8 31. Re1 Qf6 32. Nd7 Qd8 33. Nde5 Bxe5 34.
Nxe5 Re6 35. Qb7 Qf6 36. Qb8+ Kh7 37. Nf3 Nd2 38. Rxe6 Nxf3+ 39. gxf3 Qxe6 40.
Qf4 Qe1+ 41. Kg2 Qe6 42. Kg3 Qg6+ 43. Kh4 Qe6 44. Kg3 Qg6+ 45. Kh4 f6 46. Kh3
Qh5+ 47. Kg2 Qg5+ 48. Qxg5 hxg5 49. Kg3 f5 50. Kg2 Kh6 51. Kg3 Kh5 52. Kg2 f4
53. Kh3 a4 54. Kh2 Kh4 55. Kg2 g6 56. Kh2 g4 57. Kg2 g5 58. fxg4 Kxg4 59. f3+
Kh4 60. Kh2 g4 61. fxg4 Kxg4 62. Kg2 f3+ 63. Kf2 Kf4 64. Ke1 Ke3 65. Kf1 Kxd4
66. Kf2 Ke4 67. Ke1 Ke3 0-1

[Event "19eme open de Louviers"]
[Site "?"]
[Date "2016.11.13"]
[Round "7"]
[White "Ponty, Matteo"]
[Black "Grenet, Dominique"]
[Result "1/2-1/2"]
[WhiteElo "1065"]
[BlackElo "1403"]
[PlyCount "92"]
[EventDate "2012.05.13"]
[SourceDate "2016.11.17"]

1. e4 d5 2. exd5 Qxd5 3. Nc3 Qa5 4. d4 c6 5. Bd2 Qc7 6. Bc4 e6 7. Nf3 Nf6 8.
O-O Nbd7 9. Ne2 Be7 10. Bf4 Qd8 11. Qd2 Ne4 12. Qe3 h6 13. Qxe4 Nf6 14. Qd3 O-O
15. Ne5 Nh5 16. Qe4 Nxf4 17. Nxf4 Bg5 18. Bd3 f5 19. Qf3 Qxd4 20. Neg6 Rf7 21.
c3 Qd6 22. Rfe1 Bd7 23. Nh3 Rf6 24. Ne5 Rd8 25. Rad1 Qc7 26. Bc4 Bc8 27. Rxd8+
Qxd8 28. Rd1 Qc7 29. Qh5 Qxe5 30. Rd8+ Rf8 31. Rxf8+ Kxf8 32. Nxg5 Qe1+ 33. Bf1
hxg5 34. Qh8+ Kf7 35. Qxc8 Qa1 36. Qxb7+ Kf6 37. Qxa7 Qxb2 38. Qd4+ Kf7 39. a4
Qa3 40. Qd7+ Kf6 41. Qxc6 g4 42. Kh1 Qa1 43. Kg1 g5 44. g3 f4 45. Kg2 f3+ 46.
Kg1 Qa3 1/2-1/2